000 005540000a22001810004500
020 _a958-607-160-X
041 0 _aSPA
082 0 4 _aG 348 V856n
100 1 _aVivas Trochez, Gustavo E.
245 1 0 _aNuevo código canónico : Matrimonio civil, su divorcio, martrimonio católico, su nulidad y la drogomanía / Gustavo E. Vivas Trochez
260 _aBogotá, Colombia : Paulinas
300 _a145 Pag
001 9866
942 _cBK
999 _c39706
_d39706
336 _atexto
_btxt
_2rdacontent
337 _2rdamedia
_asin mediación
_bn
338 _2rdacarrier
_avolumen
_bnc